| 000 -LEADER |
| fixed length control field |
01712cam a22003974a 4500 |
| 001 - CONTROL NUMBER |
| control field |
7873621 |
| 003 - CONTROL NUMBER IDENTIFIER |
| control field |
OSt |
| 005 - DATE AND TIME OF LATEST TRANSACTION |
| control field |
20220106102812.0 |
| 006 - FIXED-LENGTH DATA ELEMENTS--ADDITIONAL MATERIAL CHARACTERISTICS |
| fixed length control field |
m d |
| 007 - PHYSICAL DESCRIPTION FIXED FIELD--GENERAL INFORMATION |
| fixed length control field |
cr n |
| 008 - FIXED-LENGTH DATA ELEMENTS--GENERAL INFORMATION |
| fixed length control field |
080108s2007 gw a sb 001 0 eng d |
| 020 ## - INTERNATIONAL STANDARD BOOK NUMBER |
| International Standard Book Number |
9783540709473 (hardcover : alk. paper) |
| 035 ## - SYSTEM CONTROL NUMBER |
| System control number |
(WaSeSS)ssj0000319811 |
| 038 ## - RECORD CONTENT LICENSOR |
| Staff Name |
Khadija |
| 040 ## - CATALOGING SOURCE |
| Original cataloging agency |
DLC |
| Transcribing agency |
DLC |
| Modifying agency |
DLC |
| -- |
WaSeSS |
| 041 1# - LANGUAGE CODE |
| Language code of text/sound track or separate title |
eng |
| Language code of original |
ger |
| 050 #4 - LIBRARY OF CONGRESS CALL NUMBER |
| Classification number |
TJ808 |
| Item number |
.E7613 2007 |
| 050 #4 - LIBRARY OF CONGRESS CALL NUMBER |
| Classification number |
TJ808 |
| 082 00 - DEWEY DECIMAL CLASSIFICATION NUMBER |
| Classification number |
621.042 |
| Edition number |
22 |
| Author Mark |
REN |
| 130 0# - MAIN ENTRY--UNIFORM TITLE |
| Uniform title |
Erneuerbare Energien. |
| Language of a work |
English. |
| 9 (RLIN) |
87351 |
| 210 10 - ABBREVIATED TITLE |
| Abbreviated title |
Renewable energy |
| 245 10 - TITLE STATEMENT |
| Title |
Renewable energy : |
| Remainder of title |
technology, economics, and environment / |
| Statement of responsibility, etc. |
[editors] Martin Kaltschmitt, Wolfgang Streicher, Andreas Wiese. |
| 260 ## - PUBLICATION, DISTRIBUTION, ETC. |
| Place of publication, distribution, etc. |
Berlin ; |
| -- |
New York : |
| Name of publisher, distributor, etc. |
Springer, |
| Date of publication, distribution, etc. |
c2007. |
| 500 ## - GENERAL NOTE |
| General note |
"The present English version is a corrected and enlarged update of the 4th German edition published in early 2005. In contrast to the German edition, all comments and information have been adapted to include the framework conditions outside of Central Europe"--P. vi. |
| 504 ## - BIBLIOGRAPHY, ETC. NOTE |
| Bibliography, etc. note |
Includes bibliographical references (p. [519]-533) and index. |
| 506 ## - RESTRICTIONS ON ACCESS NOTE |
| Terms governing access |
License restrictions may limit access. |
| 563 ## - BINDING INFORMATION |
| Binding note |
HB |
| 650 #0 - SUBJECT ADDED ENTRY--TOPICAL TERM |
| Topical term or geographic name entry element |
Renewable energy sources. |
| 9 (RLIN) |
87352 |
| 700 1# - ADDED ENTRY--PERSONAL NAME |
| Personal name |
Kaltschmitt, Martin. |
| 9 (RLIN) |
87353 |
| 700 1# - ADDED ENTRY--PERSONAL NAME |
| Personal name |
Streicher, Wolfgang, |
| Titles and other words associated with a name |
Ao. Univ.-Prof. Dipl.-Ing. Dr. techn. |
| 9 (RLIN) |
87354 |
| 700 1# - ADDED ENTRY--PERSONAL NAME |
| Personal name |
Wiese, Andreas, |
| Titles and other words associated with a name |
Dr.-Ing. |
| 9 (RLIN) |
87355 |
| 773 #0 - HOST ITEM ENTRY |
| Title |
SpringerLink ebooks - Engineering (2007) |
| 856 40 - ELECTRONIC LOCATION AND ACCESS |
| Uniform Resource Identifier |
<a href="http://www.columbia.edu/cgi-bin/cul/resolve?clio7873621">http://www.columbia.edu/cgi-bin/cul/resolve?clio7873621</a> |
| Public note |
Full text available from SpringerLink ebooks - Engineering (2007) |
| 910 ## - USER-OPTION DATA (OCLC) |
| User-option data |
Library of Congress record |
| 942 ## - ADDED ENTRY ELEMENTS (KOHA) |
| Source of classification or shelving scheme |
|
| Koha item type |
Book |